000 00613 a2200217 4500
005 20260414112726.0
008 260413b |||||||| |||| 00| 0 eng d
020 _a9780367778200
_c£ 87.99
040 _aMAIN
082 _a363.2562
_bB467F(2)
100 _aBeveridge, Alexander, ed.
245 _aForensic investigation of explosions
250 _a2nd
260 _bCRC Press
_c2020
_aLondon
300 _axxxvii, 792
440 _aInternational forensic science and investigation series
650 _aForensic Science
650 _aPolice Services
650 _aCriminal Investigation
942 _cBK
999 _c394427
_d394427